Представление документа в формате MARC21

Поле Инд. ПП Название Значение
Тип записи a
Библиографический уровень m
001 Контрольный номер RU/IS/BASE/319566786
005 Дата корректировки 20140227115929.3
040 a Служба первич. каталог. НБ ТвГУ
b Код языка каталог. rus
e Правила каталог. PSBO
041 0_ a Код языка текста rus
080 a Индекс УДК 530.145(075.8)
084 a Индекс другой классификации/Индекс ББК В314я73-1
090 a Полочн. индекс В314я73
x Авторский знак Ф 15
100 1_ a Автор Фаддеев Людвиг Дмитриевич
q Полное имя Фаддеев Л. Д.
245 10 a Заглавие Лекции по квантовой механике для студентов-математиков
b Продолж. заглавия [учебное пособие]
c Ответственность Ленингр. гос. ун-т
260 a Место издания Ленинград
b Издательство Ленинградский государственный университет
c Дата издания 1980
300 a Объем 199, [1] с.
b Иллюстрации/ тип воспроизводства ил.
520 a Аннотация В основу книги положены лекции, которые в течение ряда лет читаются студентам математических специальностей математико-механического факультета Ленинградского университета. От имеющихся учебников квантовой механики книга отличается тем, что она ориентирована в основном на математическую аудиторию. В связи с этим большее внимание уделяется общим вопросам квантовой механики и ее математическому аппарату. По иному, чем это принято в физической литературе, излагаются основы квантовой механики, подробно описана взаимосвязь квантовой и классической механик, включены параграфы, посвященные применению теории представлений групп и математическим вопросам квантовой теории рассеяния. Кроме студентов-математиков книга может быть полезной также студентам, специализирующимся по теоретической физике, которым она позволит взглянуть на квантовую механику с новой для них точки зрения.
650 a Основная рубрика Квантовая механика
x Основная подрубрика Лекции
x Основная подрубрика Учебники для вузов
650 14 a Основная рубрика Физика теоретическая
653 a Ключевые слова Квантовая механика
a Ключевые слова Теоретическая физика
a Ключевые слова Физика
700 a Другие авторы Якубовский Олег Александрович
q Полное имя Якубовский, О. А.
920 a Оператор Густ
930 a Новая/Ретро учебники
952 c Вид литературы К ру
954 a Дата поступления на обработку 20100218